| 000 | 00366 a2200145 4500 | ||
|---|---|---|---|
| 005 | 20250609122442.0 | ||
| 020 | _a0 7121 0424 0 | ||
| 082 | _a330.03 HAN | ||
| 100 | _aHANSON, J. L. | ||
| 245 | _aThe Dictionary of Economics and Commerce. | ||
| 250 | _a5th Ed | ||
| 260 |
_aEstover, _bMcDonald & Evans. _c1977. |
||
| 300 |
_avi, 472p.: ill.; _c20cm. |
||
| 942 |
_2ddc _cBKS |
||
| 999 |
_c3509 _d3509 |
||